Problemàtica de la tragèdia a Catalunya : obertura del curs acadèmic 2003-2004 / Josep Palau i Fabre obertura del curs acadèmic 2003-2004 / Josep Palau i Fabre
ISBN:
84-7794-972-7
Descripción Física:
38 p. ; 18 cm
Colección:
Lliçons magistrals
MARC
| LEADER | 00000nam a2200000Ia 4500 | ||
|---|---|---|---|
| 001 | 16729 | ||
| 008 | 160829s2004 xx 000 0 cat d | ||
| 020 | |a 84-7794-972-7 | ||
| 080 | |a FU-45-30 | ||
| 100 | |a Palau i Fabre, Josep, |d 1917-2008 |9 20190 | ||
| 245 | |a Problemàtica de la tragèdia a Catalunya : |b obertura del curs acadèmic 2003-2004 / Josep Palau i Fabre | ||
| 260 | |a Barcelona : |b Diputació de Barcelona, Institut del Teatre, |c 2004 | ||
| 300 | |a 38 p. ; |c 18 cm | ||
| 490 | |a Lliçons magistrals | ||
| 590 | |a Inclou el parlament inaugural del director de l'Institut del Teatre, Jordi Font. | ||
| 590 | |a Problemàtica de la tragèdia a Catalunya va ser pronunciada a Barcelona, el 7 d'octubre de 2003 | ||
| 650 | |a Tragèdia |x Catalunya |x s. XX |9 39311 | ||
| 650 | 0 | |a Congressos i conferències |9 48301 | |
| 710 | 1 | |a Institut del Teatre (Barcelona, Catalunya) |9 52662 | |
| 901 | |a Arxiu | ||
| 942 | |n 1 | ||
| 952 | |0 0 |1 0 |4 0 |6 FU4530 |7 1 |9 48933 |a Arxiu |b Arxiu |d 2016-12-01 |l 0 |o FU-45-30 |p 16729 |r 2016-12-01 00:00:00 |w 2016-12-01 |y ARXIU | ||
| 999 | |c 52768 |d 52768 | ||